[Event "Serbia Cup"]
[Site "Zlatibor SRB"]
[Date "2008.06.22"]
[Round "7"]
[White "Kostic,VG"]
[Black "Andrijevic,M"]
[Result "1/2-1/2"]
[WhiteElo "2415"]
[BlackElo "2368"]

1.e4 c5 2.Nc3 e6 3.Nf3 Nc6 4.d4 cxd4 5.Nxd4 Qc7 6.Be3 a6 7.Qd2 b5 8.f3 Nf6
9.g4 h6 10.Nxc6 Qxc6 11.e5 b4 12.exf6 bxc3 13.bxc3 gxf6 14.Bg2 Bb7 15.Rb1 Rc8
16.O-O Bc5 17.Rf2 Bxe3 18.Qxe3 Qc7 19.Qa7 Rb8 20.f4 d5 21.c4 Kd7 22.f5 Bc6
23.fxe6+ fxe6 24.Qxc7+ Kxc7 25.Rxb8 Rxb8 26.cxd5 Rb1+ 27.Rf1 Rxf1+ 28.Kxf1 exd5
29.Kf2 Kd6 30.Kg3 Ba4 31.Bf1 a5 32.Bd3 Ke5 33.c3 Be8 34.h4  1/2-1/2

[Event "22th Open"]
[Site "Pula CRO"]
[Date "2008.06.23"]
[Round "3"]
[White "Fercec,N"]
[Black "Aschenbrenner,R"]
[Result "1-0"]
[WhiteElo "2492"]
[BlackElo "2310"]

1.e4 c5 2.Nf3 Nc6 3.d4 cxd4 4.Nxd4 e6 5.Nc3 Qc7 6.Be3 a6 7.a3 Nf6 8.f4 Nxd4
9.Qxd4 Ng4 10.Qb6 Qb8 11.Bd2 Bd6 12.h3 Nh6 13.g3 O-O 14.O-O-O Bc7 15.Qd4 f6
16.Be3 Nf7 17.Be2 d6 18.Rhg1 b5 19.Kb1 Bd7 20.Bg4 Rc8 21.f5 e5 22.Qd5 b4
23.axb4 Qxb4 24.Bh5 Be8 25.Qa2 Bd8 26.Qe6 Kf8 27.Bxf7 Bxf7 28.Qxd6+ Qxd6
29.Rxd6 Ba5 30.Nd5 Rc4 31.Bb6 Bxd5 32.exd5 Bxb6 33.Rxb6 Rd4 34.d6 Ra7 35.c3 Rd2
36.Kc1 Rf2 37.Rd1 Ke8 38.c4 a5 39.c5  1-0

[Event "22th Open"]
[Site "Pula CRO"]
[Date "2008.06.23"]
[Round "3"]
[White "Macak,S"]
[Black "Jovanic,O"]
[Result "1/2-1/2"]
[WhiteElo "2342"]
[BlackElo "2504"]

1.e4 c5 2.Nf3 e6 3.d4 cxd4 4.Nxd4 Nc6 5.Nc3 Qc7 6.Be3 Nf6 7.Qd2 Bb4 8.f3 Nxd4
9.Qxd4 Bxc3+ 10.bxc3 e5 11.Qb4 d6 12.O-O-O O-O 13.Rxd6 Be6 14.Kb2 Rfc8 15.a4 Nd7
16.Bb5 b6 17.Rhd1 Nc5 18.a5 h6 19.a6 Qe7 20.g3 Rc7 21.c4 Rf8 22.Qd2 Bc8 23.Rd8 Ne6
24.Rxf8+ Qxf8 25.Qd6 Qxd6 26.Rxd6 Kf8 27.f4 Ke7 28.fxe5 Nc5 29.Bxc5 Rxc5
30.Rd5 Be6 31.Kc3 Bxd5 32.exd5 Rc8 33.Kd4 f6 34.e6 Kd6 35.Ke4 g6 36.Kf4 Rf8
37.h4 h5 38.Bc6 Rg8 39.Bb5 Ke7 40.c5 bxc5 41.Be2 g5+ 42.hxg5 Rxg5 43.c4 Re5
44.Kf3 Kd6 45.Kf2 Re4 46.Bd3 Rd4 47.Ke3 h4 48.gxh4 Rxh4 49.Be2 Rh2 50.Kf3 Rh3+
51.Kf4 Ke7 52.Kf5 Re3 53.Bg4 Re5+ 54.Kf4 Re1 55.Kf5 Rg1 56.Bh3 Rg3 57.Bg4 Rd3
58.Bh5 Rd2 59.Bg4 Rf2+ 60.Kg6 Rg2 61.Kf5 Rg3 62.Be2 Rg5+ 63.Kf4 Re5 64.Bg4 Re1
65.Kf5 Rf1+ 66.Kg6 Rf4 67.Bf5 Rxc4 68.d6+ Kxd6 69.Kf7 Rc3 70.e7 Re3 71.e8=Q Rxe8
72.Kxe8 Ke5 73.Bc2 f5 74.Kd7 f4 75.Kc6 Kd4 76.Bd1 c4 77.Kb7 c3 78.Kxa7 f3
79.Kb6 f2 80.a7 f1=Q 81.a8=Q Qf6+ 82.Kb5 Qe5+ 83.Ka4 Qe4 84.Qxe4+  1/2-1/2

[Event "IV Open"]
[Site "Sort ESP"]
[Date "2008.06.24"]
[Round "1"]
[White "Delgado Crespo,M"]
[Black "Delchev,A"]
[Result "0-1"]
[WhiteElo "2278"]
[BlackElo "2639"]

1.e4 c5 2.Nf3 e6 3.d4 cxd4 4.Nxd4 Nc6 5.Nc3 Qc7 6.Be2 a6 7.O-O Nf6 8.Be3 Bb4
9.Nxc6 bxc6 10.Qd4 c5 11.Qc4 Bb7 12.a3 d5 13.exd5 exd5 14.Qf4 Qxf4 15.Bxf4 Bxc3
16.bxc3 O-O 17.Rab1 Bc6 18.Rb6 Bb5 19.Bxb5 axb5 20.Rxb5 Ne4 21.Be3 Nxc3 22.Rxc5 d4
23.Bc1 Ne2+ 24.Kh1 Rfc8 25.Rxc8+ Rxc8 26.Bd2 Rxc2 27.Rd1 f5 28.g3 Kf7 29.Kg2 Ke6
30.Kf3 Nc3 31.Bxc3 Rxc3+ 32.Ke2 Kd5 33.Ra1 Rc2+ 34.Ke1 d3 35.a4 Re2+ 36.Kf1 Kd4
37.a5 Re8 38.a6 d2 39.a7 Kc3 40.f4 Kb2  0-1

[Event "ch-PAR"]
[Site "Asuncion PAR"]
[Date "2008.06.26"]
[Round "11"]
[White "Zarza,R"]
[Black "Del Puerto,R"]
[Result "1-0"]
[WhiteElo "2075"]
[BlackElo "1995"]

1.e4 c5 2.Nf3 e6 3.d4 cxd4 4.Nxd4 Nc6 5.Nc3 Qc7 6.Nxc6 bxc6 7.Bd3 Nf6 8.O-O Be7
9.Qe2 O-O 10.f4 g6 11.f5 exf5 12.exf5 d5 13.Bf4 Qb6+ 14.Kh1 Re8 15.Rae1 d4
16.fxg6 hxg6 17.Bg5 Bg4 18.Qe5 Bd8 19.Qf4 Rxe1 20.Rxe1 dxc3 21.Bxf6 Bxf6
22.Qxf6 cxb2 23.Bc4 c5 24.Bxf7+ Kh7 25.Bxg6+ Kh6 26.Qh4+ Kxg6 27.Qxg4+ Kf6
28.Rf1+ Ke5 29.Rf5+ Kd6 30.Qg6+ Kc7 31.Rf7+ Kc8 32.Qg4+  1-0

[Event "XVI Open"]
[Site "Montcada i Reixac ESP"]
[Date "2008.06.26"]
[Round "2"]
[White "Perpinya Rofes,L"]
[Black "Bruzon Batista,L"]
[Result "0-1"]
[WhiteElo "2414"]
[BlackElo "2608"]

1.e4 c5 2.Nf3 e6 3.d4 cxd4 4.Nxd4 Nc6 5.Nc3 a6 6.Be2 d6 7.O-O Nf6 8.Kh1 Be7
9.f4 Bd7 10.Be3 O-O 11.a4 Rc8 12.Nb3 Na5 13.e5 Ne8 14.Nxa5 Qxa5 15.Ne4 Qc7
16.Bf3 Bc6 17.Bd4 d5 18.Nd2 g6 19.Nb3 Ng7 20.a5 Bb5 21.Rf2 Nf5 22.Bb6 Qd7
23.Nd4 Ne3 24.Qe1 Nc4 25.Nxb5 Qxb5 26.Bd4 Bc5 27.Bxc5 Qxc5 28.c3 Qc7 29.b4 Rfd8
30.Rd1 Na3 31.Rd3 Nb5 32.Rc2 Qc4 33.Qd2 Nd4 34.Rb2 Nxf3 35.gxf3 Qc7 36.Qe3 Qe7
37.Rg2 Rxc3 38.Rxc3 d4 39.Qc1 dxc3 40.Qxc3 Qh4 41.Qe3 Qh3 42.Rg1 Kg7 43.Rc1 h6
44.Kg1 Rd5 45.Re1 Qh4 46.Kg2 Qd8 47.Re2 Rd4 48.Rb2 Qd5 49.Kf2 Rd3 50.Qe4 Qd8
51.Kg3 Rd5 52.Rc2 Qd7 53.Qe3 Rd3 54.Rc7 Qd5 55.Qe2 Rb3 56.Rc5 Qd4 57.Rc4 Qg1+
58.Qg2 Qd1 59.Qf2 Rd3 60.Rc8 Rd2 61.Qe3 Rb2 62.Rc4 Qf1  0-1

[Event "IV Open"]
[Site "Sort ESP"]
[Date "2008.06.26"]
[Round "3"]
[White "Babaev,Ra"]
[Black "Djingarova,E"]
[Result "1/2-1/2"]
[WhiteElo "2482"]
[BlackElo "2301"]

1.e4 c5 2.Nf3 e6 3.d4 cxd4 4.Nxd4 Nc6 5.Nc3 Qc7 6.Be2 a6 7.O-O Nf6 8.Be3 Bb4
9.Na4 Be7 10.c4 Nxe4 11.c5 O-O 12.Rc1 Rb8 13.g3 g6 14.Nxc6 dxc6 15.Qd4 Ng5
16.f4 e5 17.Qxe5 Qxe5 18.fxe5 Be6 19.Nc3 Bh3 20.Rf2 Rbd8  1/2-1/2

[Event "Duras GM Teplarny"]
[Site "Brno CZE"]
[Date "2008.06.27"]
[Round "1"]
[White "Vyskocil,N"]
[Black "Philippe,C"]
[Result "0-1"]
[WhiteElo "2313"]
[BlackElo "2407"]

1.e4 c5 2.Nf3 e6 3.d4 cxd4 4.Nxd4 Nc6 5.Nc3 a6 6.g3 Qc7 7.Bg2 Nf6 8.O-O d6
9.Re1 Rb8 10.Nxc6 bxc6 11.e5 dxe5 12.Rxe5 Qxe5 13.Bf4 Qc5 14.Bxb8 Be7 15.Qe2 O-O
16.Ne4 Qb5 17.Qxb5 cxb5 18.Bd6 Bxd6 19.Nxd6 Bd7 20.Rd1 Rb8 21.Ne4 Be8 22.Nxf6+ gxf6
23.Rd6 a5 24.Ra6 a4 25.Ra8 Rxa8 26.Bxa8 Kf8 27.g4 Ke7 28.Be4 h6 29.Kg2 Kd6
30.Kg3 Ke5 31.Bd3 b4 32.Kh4 a3 33.bxa3 bxa3 34.c3 Ba4 35.Kh5 Bb3 36.Bb1 Bd1
37.Kxh6 Bxg4 38.h4 Kd5 39.Bd3 e5 40.Kg7 e4 41.Bc2 f5 42.Bb3+ Kc5 43.Bc2 Kc4
44.Kxf7 Kxc3 45.Bb1 Kb2  0-1

[Event "5th GM"]
[Site "Mulhouse FRA"]
[Date "2008.06.27"]
[Round "3"]
[White "Kurmann,O"]
[Black "Bogner,S"]
[Result "1-0"]
[WhiteElo "2385"]
[BlackElo "2423"]

1.e4 c5 2.Nf3 e6 3.d4 cxd4 4.Nxd4 Nc6 5.Nc3 Nf6 6.Ndb5 Bb4 7.a3 Bxc3+ 8.Nxc3 d5
9.exd5 exd5 10.Bd3 O-O 11.O-O d4 12.Ne2 h6 13.h3 Qd5 14.Nf4 Qd6 15.Nh5 Nxh5
16.Qxh5 Bd7 17.Re1 Rfe8 18.Bd2 Qf6 19.Qd5 Be6 20.Qe4 Kf8 21.b4 a6 22.a4 g5
23.h4 Bc4 24.hxg5 hxg5 25.Qg4 Bxd3 26.cxd3 Ne5 27.Qg3 g4 28.Re4 Re6 29.Rae1 Rae8
30.Bf4 Nc6 31.Bd6+ Kg7 32.Rxg4+  1-0

[Event "5th GM"]
[Site "Mulhouse FRA"]
[Date "2008.06.27"]
[Round "3"]
[White "Riff,JN"]
[Black "Wirig,A"]
[Result "1/2-1/2"]
[WhiteElo "2487"]
[BlackElo "2477"]

1.e4 c5 2.Nf3 e6 3.Nc3 Nc6 4.d4 cxd4 5.Nxd4 Qc7 6.Be2 a6 7.O-O Nf6 8.Be3 Bb4
9.Na4 Be7 10.Nxc6 bxc6 11.Nb6 Rb8 12.Nxc8 Qxc8 13.e5 Nd5 14.Bc1 Bc5 15.c4 Ne7
16.b3 Qc7 17.Bb2 d6 18.exd6 Bxd6 19.h3 Be5 20.Bxe5  1/2-1/2

[Event "XII Izmailov Mem"]
[Site "Tomsk RUS"]
[Date "2008.06.27"]
[Round "3"]
[White "Tilicheev,V"]
[Black "Fominyh,A"]
[Result "0-1"]
[WhiteElo "2147"]
[BlackElo "2497"]

1.e4 c5 2.Nf3 Nc6 3.Nc3 e6 4.d4 cxd4 5.Nxd4 a6 6.Be2 Qc7 7.Be3 b5 8.Nxc6 Qxc6
9.Bf3 Bb7 10.O-O Qc7 11.a3 Bd6 12.g3 Ne7 13.Qe2 Be5 14.Rad1 O-O 15.Bg2 Bxc3
16.bxc3 Rad8 17.a4 bxa4 18.Rb1 Ra8 19.c4 a5 20.c5 Bc6 21.Rfd1 Rfb8 22.Bf4 e5
23.Rxb8+ Rxb8 24.Bg5 Ng6 25.Bh3 h6 26.Be3 a3 27.Qc4 Qb7 28.Ra1 Qb2 29.Ra2 Qb1+
30.Bf1 Bb5  0-1

[Event "XII Izmailov Mem"]
[Site "Tomsk RUS"]
[Date "2008.06.27"]
[Round "3"]
[White "Obolenskikh,D"]
[Black "Timofeev,Arty"]
[Result "0-1"]
[WhiteElo "2446"]
[BlackElo "2664"]

1.e4 c5 2.Nf3 e6 3.d4 cxd4 4.Nxd4 Nc6 5.Nc3 Qc7 6.g3 a6 7.Bg2 d6 8.O-O Bd7
9.Re1 Be7 10.Nxc6 Bxc6 11.Bf4 e5 12.Be3 Nf6 13.a4 O-O 14.Qe2 h6 15.a5 Rac8
16.Bb6 Qd7 17.Red1 Bd8 18.Be3 Qe6 19.b3 h5 20.h3 g6 21.Qd3 Bd7 22.Bg5 Kg7
23.Qxd6 Qxd6 24.Rxd6 Bxh3 25.Bxh3 Rxc3 26.Bxf6+ Bxf6 27.Rd7 h4 28.Bf1 Rxc2
29.g4 h3 30.Bxh3 Bh4 31.Rad1 Bxf2+ 32.Kf1 Bd4 33.Rd3 Rfc8 34.g5 Rf2+ 35.Ke1 Rc1+
36.Rd1 Rcc2 37.Rd3 Rh2  0-1

[Event "Duras GM Teplarny"]
[Site "Brno CZE"]
[Date "2008.06.28"]
[Round "3"]
[White "Mista,A"]
[Black "Philippe,C"]
[Result "1-0"]
[WhiteElo "2537"]
[BlackElo "2407"]

1.e4 c5 2.Nf3 e6 3.d4 cxd4 4.Nxd4 Nc6 5.Nc3 a6 6.Be2 d6 7.Be3 Nf6 8.f4 Be7
9.Qd2 O-O 10.O-O-O Nd7 11.Bf3 Rb8 12.Nce2 Qc7 13.Kb1 Nxd4 14.Nxd4 b5 15.g4 Bb7
16.g5 Rfc8 17.h4 Nc5 18.Qg2 Bf8 19.h5 b4 20.f5 exf5 21.exf5 Re8 22.Bf4 Be4
23.g6 Qb7 24.Bxe4 Rxe4 25.Qh2 Qd5 26.Nb3 Qxf5 27.Bxd6 Nxb3 28.Bxb8 Nd4 29.Rhf1 Nf3
30.Qf2 hxg6 31.hxg6 b3 32.axb3  1-0

[Event "Atlantis Promotiegroep"]
[Site "Groningen NED"]
[Date "2008.06.28"]
[Round "2"]
[White "Hoeksema,E"]
[Black "Balje,J"]
[Result "1-0"]
[WhiteElo "2347"]
[BlackElo "2197"]

1.e4 c5 2.Nf3 Nc6 3.d4 cxd4 4.Nxd4 e6 5.Nc3 Qc7 6.Be3 a6 7.Qd2 Nf6 8.O-O-O Bb4
9.f3 Ne5 10.Nb3 b5 11.Kb1 Nc4 12.Bxc4 bxc4 13.Nc1 Rb8 14.N1e2 O-O 15.Bf4 e5
16.Bg5 Qb6 17.Bxf6 Ba3 18.b3 Qxf6 19.Nd5 Qd8 20.f4 exf4 21.Qxf4 d6 22.Nd4 Bb7
23.Rhf1 a5 24.Nb5 Bc5 25.bxc4 Ba6 26.a4 Rc8 27.Rf3 Qe8  1-0

[Event "22th Open"]
[Site "Pula CRO"]
[Date "2008.06.28"]
[Round "9"]
[White "Mazi,L"]
[Black "Jovanic,O"]
[Result "0-1"]
[WhiteElo "2350"]
[BlackElo "2504"]

1.e4 c5 2.Nf3 e6 3.d4 cxd4 4.Nxd4 Nc6 5.Nc3 Qc7 6.Be3 a6 7.Qd2 Nf6 8.f3 Be7
9.g4 O-O 10.O-O-O b5 11.g5 Ne8 12.h4 Ne5 13.Qg2 Nc4 14.Bxc4 bxc4 15.Nde2 Rb8
16.Rdg1 Qb7 17.Nd1 d5 18.h5 dxe4 19.fxe4 f5 20.gxf6 Bxf6 21.c3 e5 22.Kb1 Bd7
23.Bc1 Bc6 24.Ng3 Nd6 25.Re1 Rf7 26.Qe2 Be7 27.Ka1 Rbf8 28.Rhg1 Bh4 29.Qg4 Qe7
30.Rh1 Bxg3 31.Qxg3 Nxe4 32.Qh2 Nc5 33.Rhg1 Nd3 34.Bg5 Qb7 35.Re2 Rf1 36.Be3 Ba4
37.Rd2 Bxd1  0-1

[Event "5th GM"]
[Site "Mulhouse FRA"]
[Date "2008.06.29"]
[Round "7"]
[White "Kurmann,O"]
[Black "Iotov,V"]
[Result "1/2-1/2"]
[WhiteElo "2385"]
[BlackElo "2531"]

1.e4 c5 2.Nf3 e6 3.d4 cxd4 4.Nxd4 Nc6 5.Nc3 Qc7 6.Be3 a6 7.Qd2 Nf6 8.O-O-O Bb4
9.f3 Ne5 10.Nb3 b5 11.Kb1 Nc4 12.Bxc4 bxc4 13.Nc1 Rb8 14.Bf4 e5 15.Bg5 Qb6
16.N1e2 Ba3 17.b3 O-O 18.Bxf6 Qxf6 19.Nd5 Qd8 20.f4 exf4 21.Qxf4 Bb7 22.Ng3 Bxd5
23.Rxd5 Rb5 24.Rhd1 Qa5 25.Qe5 d6 26.Qd4 cxb3 27.axb3 g6 28.Ne2 Bb4 29.Rd3 Re8
30.Ng3 Bc3 31.Qxc3 Rxd5 32.Qc6 Qe1+ 33.Kb2 Rde5 34.Qxd6 a5 35.Rf3 R5e6 36.Qd7 R6e7
37.Qd4 Re6 38.Qd7 R6e7 39.Qd4 Re6  1/2-1/2

[Event "Svein Johannessen Mem"]
[Site "Oslo NOR"]
[Date "2008.06.29"]
[Round "5"]
[White "Andersen,Mad"]
[Black "Loberg,J"]
[Result "1-0"]
[WhiteElo "2020"]
[BlackElo "1908"]

1.e4 c5 2.Nf3 e6 3.Nc3 Nc6 4.d4 cxd4 5.Nxd4 Nf6 6.Ndb5 d6 7.Bf4 e5 8.Bg5 a6
9.Na3 b5 10.Bxf6 gxf6 11.Nd5 Be6 12.c3 f5 13.exf5 Bxf5 14.Nc2 Bg7 15.Nce3 Bg6
16.a4 Rb8 17.axb5 axb5 18.h4 h5 19.Ra6 Ne7 20.Nxe7 Qxe7 21.Bxb5+  1-0

[Event "Duras GM Teplarny"]
[Site "Brno CZE"]
[Date "2008.06.30"]
[Round "5"]
[White "Bobras,P"]
[Black "Brener,I"]
[Result "1-0"]
[WhiteElo "2576"]
[BlackElo "2423"]

1.e4 c5 2.Nf3 e6 3.d4 cxd4 4.Nxd4 Nc6 5.Nc3 Qc7 6.Be3 a6 7.Qd2 Nf6 8.O-O-O Bb4
9.f3 b5 10.Bf4 e5 11.Nxc6 Bxc3 12.Qxc3 exf4 13.Qe5+ Qxe5 14.Nxe5 Ke7 15.c4 Bb7
16.cxb5 axb5 17.Kb1 Bc6 18.Be2 Ke6 19.Nd3 g5 20.Nb4 h6 21.Rd2 Rhc8 22.Bd1 Ke7
23.Bb3 Ra7 24.Rhd1 Ne8 25.h4 Rb7 26.hxg5 hxg5 27.Nd5+ Kf8 28.Rh1 Kg7 29.Ne7 Rcb8
30.Nf5+ Kf6 31.Rh6+ Ke5 32.Rc2  1-0

[Event "Svein Johannessen Mem"]
[Site "Oslo NOR"]
[Date "2008.06.30"]
[Round "6"]
[White "Pedersen,Sven2"]
[Black "Suntharalingam,J"]
[Result "1-0"]
[WhiteElo "2156"]
[BlackElo "1888"]

1.e4 c5 2.Nf3 e6 3.Nc3 Nc6 4.d4 cxd4 5.Nxd4 Nf6 6.Nb3 Bb4 7.Bd3 d5 8.exd5 Nxd5
9.Bd2 Nxc3 10.bxc3 Bd6 11.O-O e5 12.f4 O-O 13.Qh5 f5 14.fxe5 g6 15.Qh6 Bxe5
16.Rae1 Bg7 17.Qf4 b6 18.Qc4+  1-0

[Event "Sparkassen Open"]
[Site "Dortmund GER"]
[Date "2008.07.01"]
[Round "2"]
[White "Borgmeyer,M"]
[Black "Kunz,K"]
[Result "0-1"]
[WhiteElo "2040"]
[BlackElo "2198"]

1.e4 c5 2.Nf3 Nc6 3.d4 cxd4 4.Nxd4 e6 5.Nc3 Qc7 6.Be2 a6 7.Nxc6 bxc6 8.O-O Nf6
9.Bg5 Be7 10.Kh1 d5 11.exd5 cxd5 12.f4 h6 13.Bh4 Rb8 14.Rb1 Rb4 15.a3 Rxf4
16.Rxf4 Qxf4 17.Bg3 Qe3 18.Qf1 Qa7 19.Bf2 Qb7 20.b4 O-O 21.b5 axb5 22.Nxb5 Qa8
23.Rb3 Ne4 24.Be3 Qa4 25.Nd4 Bd7 26.Nb5 Rc8 27.Qb1 Bc5 28.Bxc5 Rxc5 29.Qb2 Qa5
30.Rb4 Bxb5 31.Bxb5 Rxb5  0-1

[Event "5th GM"]
[Site "Mulhouse FRA"]
[Date "2008.07.01"]
[Round "9"]
[White "Kurmann,O"]
[Black "Cornette,M"]
[Result "1/2-1/2"]
[WhiteElo "2385"]
[BlackElo "2496"]

1.e4 c5 2.Nf3 Nc6 3.Nc3 e6 4.d4 cxd4 5.Nxd4 a6 6.Be3 Nf6 7.Qd2 Bb4 8.f3 d5
9.O-O-O Qa5 10.Nb3 Bxc3 11.Nxa5 Bxd2+ 12.Bxd2 dxe4 13.Nxc6 bxc6 14.Bc3 c5
15.Bxf6 gxf6 16.fxe4 Bb7 17.Bd3 Ke7  1/2-1/2

[Event "Svein Johannessen Mem"]
[Site "Oslo NOR"]
[Date "2008.07.01"]
[Round "8"]
[White "Kislik,E"]
[Black "Andersen,Mad"]
[Result "1/2-1/2"]
[WhiteElo "2278"]
[BlackElo "2020"]

1.e4 c5 2.Nf3 e6 3.d4 cxd4 4.Nxd4 Nc6 5.Nc3 Qc7 6.Be3 a6 7.Bd3 Nf6 8.O-O Ne5
9.h3 Bc5 10.Kh1 d6 11.f4 Ng6 12.Qf3 O-O 13.f5 Ne5 14.Qg3 Kh8 15.Qh4 b5 16.Nce2 exf5
17.exf5 Bb7 18.Bg5 Ned7 19.Rf4 Rae8 20.Ng3 Bxd4 21.Rxd4 Qc6 22.Rg1 Re1 23.Nf1 Ra1
24.Rf4 Re8 25.Rf3 Rxa2 26.Ne3 Ra4  1/2-1/2

[Event "ChInt Open"]
[Site "Paris FRA"]
[Date "2008.07.01"]
[Round "4"]
[White "Kosteniuk,A"]
[Black "Quezada Perez,Y"]
[Result "1-0"]
[WhiteElo "2523"]
[BlackElo "2567"]

1.e4 c5 2.Nf3 e6 3.d4 cxd4 4.Nxd4 Nc6 5.Nc3 Qc7 6.Be2 a6 7.O-O Nf6 8.Be3 Bb4
9.Na4 Be7 10.Nxc6 bxc6 11.Nb6 Rb8 12.Nxc8 Qxc8 13.Bd4 c5 14.Be5 Rb6 15.b3 Nxe4
16.Bxg7 Rg8 17.Be5 d6 18.Qd3 f5 19.Bb2 Bf6 20.Bxf6 Nxf6 21.c4 e5 22.Rad1 Kf7
23.Qc2 Qe6 24.Rfe1 h5 25.Qd2 Qc8 26.Qc3 h4 27.Qh3 Rh8 28.Bd3 Rh5 29.f4 Qe6
30.fxe5 dxe5 31.Qe3 e4 32.Be2 Rh8 33.Qxc5 Rc6 34.Qe3 Qe5 35.Rf1 Qc5 36.Qxc5 Rxc5
37.b4 Re5 38.Rd6 Rb8 39.a3 a5 40.b5 Ke7 41.Ra6 Rd8 42.Rxa5 Rd2 43.Ra7+ Ke6
44.Re1 f4 45.Bf1 Rg5 46.Ra6+ Kf7 47.Rxf6+ Kxf6 48.Rxe4 Kf5 49.Re2 Rd3 50.Ra2 Rb3
51.a4 Ke4 52.a5 Kd4 53.a6 Rg8 54.Kf2 Kc5 55.a7 Ra8 56.Be2  1-0

[Event "XIX ch-Panam U18"]
[Site "Villa Carlos Paz ARG"]
[Date "2008.07.01"]
[Round "3"]
[White "Almiron,A"]
[Black "Diamant,A"]
[Result "0-1"]
[WhiteElo "2115"]
[BlackElo "2407"]

1.e4 c5 2.Nf3 e6 3.d4 cxd4 4.Nxd4 Nc6 5.Nc3 a6 6.g3 Nge7 7.Nb3 d6 8.Bg2 Bd7
9.O-O Nc8 10.a4 Be7 11.Qe2 O-O 12.Be3 Qc7 13.f4 Nb4 14.Qf2 Rb8 15.g4 b5 16.a5 Nxc2
17.Qxc2 b4 18.Nd4 bxc3 19.Qxc3 Qb7 20.Rf2 d5 21.e5 f6 22.exf6 Bxf6 23.g5 Bxd4
24.Bxd4 Nd6 25.Bc5 Rbc8 26.b4 Rf7 27.Qd3 Nf5 28.Re1 Re8 29.Re5 Nh4 30.Qg3 Nf5
31.Qd3 Bb5 32.Qh3 Qd7 33.Rd2 Nd6 34.Rd4 Nf5 35.Rd2 Bc6 36.Be4 dxe4 37.Rxd7 Rxd7
38.Qc3 Nh4 39.Kf2 Rd3 40.Qc4 Rf3+ 41.Kg1 Bb5 42.Rxe6 Bxc4 43.Rxe8+ Kf7 44.Re7+ Kg6
45.h3 Rxf4  0-1

[Event "Duras IM Dopravni"]
[Site "Brno CZE"]
[Date "2008.07.02"]
[Round "7"]
[White "Janko,Z"]
[Black "Kozak,Mi"]
[Result "1-0"]
[WhiteElo "2235"]
[BlackElo "2197"]

1.e4 c5 2.Nf3 e6 3.d4 cxd4 4.Nxd4 Nc6 5.Nc3 d6 6.Be2 Nf6 7.O-O Be7 8.Be3 O-O
9.Kh1 a6 10.f4 Bd7 11.Qe1 b5 12.a3 Rc8 13.Qg3 g6 14.Bd3 Nh5 15.Qf3 Nxd4 16.Bxd4 Nxf4
17.Qxf4 e5 18.Bxe5 Bg5 19.Bf6  1-0

[Event "ch-PHI Finals"]
[Site "Mandaluyong PHI"]
[Date "2008.07.02"]
[Round "2"]
[White "So,W"]
[Black "Sadorra,J"]
[Result "1/2-1/2"]
[WhiteElo "2577"]
[BlackElo "2470"]

1.e4 c5 2.Nf3 e6 3.d4 cxd4 4.Nxd4 Nc6 5.Nc3 Qc7 6.f4 a6 7.Nxc6 Qxc6 8.Bd3 b5
9.Qe2 Bb7 10.Bd2 Rc8 11.O-O Bc5+ 12.Kh1 h5 13.e5 f5 14.a4 b4 15.Na2 a5 16.c3 b3
17.Nc1 h4 18.h3 Rh6 19.Bb5 Qc7 20.Ba6 Rg6 21.Bxb7 Qxb7 22.Rf3 Qe4 23.Qd3 Rg3
24.Rxg3 hxg3 25.Qxe4 fxe4 26.Ne2 Bf2 27.Be1 Rc4 28.Nxg3 e3 29.Ne2 Ne7 30.g3 Bxe1
31.Rxe1 Rxa4 32.Kg2 Ra2 33.Rb1 Nd5 34.Kf3 a4 35.c4 Nb6 36.Nc3 Nxc4 37.Nxa2 Nd2+
38.Kxe3 Nxb1 39.Nc1 Nc3 40.Kd2 Ne4+ 41.Kd3 a3 42.Nxb3 axb2 43.Kc2 Nxg3 44.Nd4 Kf7
45.Kxb2 Kg6 46.Kc3 Nh5 47.Kc4 Nxf4 48.Kc5 Kf7 49.Kd6 Ke8 50.h4 Ng6 51.Nf3 Kd8
52.Kc5 Kc7 53.Kc4 Kb6 54.Kb4 Ne7 55.Kc4 Nf5 56.Kd3 Kc5 57.Ke4 Kc6 58.Kf4 Kc5
59.Kg4 Kd5 60.Kf4 g6 61.Kg5 Ke4 62.Ne1 Kxe5 63.Nd3+ Kd4 64.Nf4 Nxh4 65.Kxh4 Ke4
66.Nxg6 d5 67.Nf8 e5 68.Nd7 Kf4 69.Kh3 e4 70.Kg2 Ke3 71.Nf6 d4 72.Kf1 Kd3  1/2-1/2

[Event "IV Open"]
[Site "Sort ESP"]
[Date "2008.07.02"]
[Round "10"]
[White "Kovchan,A"]
[Black "Kovalyov,A"]
[Result "1/2-1/2"]
[WhiteElo "2513"]
[BlackElo "2525"]

1.e4 c5 2.Nf3 e6 3.d4 cxd4 4.Nxd4 Nc6 5.Nc3 a6 6.Nxc6 bxc6 7.Bd3 d5 8.O-O Nf6
9.Qf3 Bb7 10.Bf4 Be7 11.Rfe1 O-O 12.e5 Nd7 13.Qg3 g6 14.Bh6 Re8 15.Na4 c5
16.c4 Nb6 17.Nxb6 Qxb6 18.b3 Red8 19.cxd5 Rxd5 20.Bc4 Rd7 21.Rad1 Rad8 22.Rxd7 Rxd7
23.Qc3 Qd8 24.Be3 Rd1  1/2-1/2

[Event "XVI Open"]
[Site "Montcada i Reixac ESP"]
[Date "2008.07.03"]
[Round "9"]
[White "Fluvia Poyatos,Jor"]
[Black "Strohhaeker,Rao"]
[Result "0-1"]
[WhiteElo "2504"]
[BlackElo "2393"]

1.e4 c5 2.Nf3 e6 3.d4 cxd4 4.Nxd4 Nc6 5.Nc3 Qc7 6.Be3 a6 7.Qd2 Nf6 8.O-O-O Bb4
9.f3 O-O 10.g4 b5 11.g5 Ne8 12.a3 Be7 13.Nxc6 Qxc6 14.Ne2 b4 15.axb4 a5 16.bxa5 Qa4
17.Qd4 Qxa5 18.h4 Nd6 19.Nc3 Ba6 20.Bd3 Bxd3 21.cxd3 Rfc8 22.Kd2 Nb5 23.Qb6 Nxc3
24.Qxa5 Rxa5 25.Rc1 Bb4 26.bxc3 Rxc3 27.Bd4 Ra2+  0-1

[Event "XII Izmailov Mem"]
[Site "Tomsk RUS"]
[Date "2008.07.03"]
[Round "9"]
[White "Tologontegin,S"]
[Black "Bryzgalin,K"]
[Result "0-1"]
[WhiteElo "2388"]
[BlackElo "2529"]

1.e4 c5 2.Nf3 e6 3.d4 cxd4 4.Nxd4 Nc6 5.Nc3 Qc7 6.g3 a6 7.Bg2 d6 8.a4 Bd7
9.O-O Nf6 10.Be3 Be7 11.Nb3 Ne5 12.Qe2 Nc4 13.Bc1 Rc8 14.Kh1 O-O 15.f4 b5
16.Nd4 b4 17.Nd1 Qb6 18.Nb3 d5 19.Ne3 Nxe3 20.Bxe3 Qc6 21.e5 Ne4 22.Nd4 Qb7
23.g4 f6 24.Nf3 Rc4 25.b3 Rc7 26.exf6 Bxf6 27.Bd4 Bxd4 28.Nxd4 Qb6 29.Qe3 Rc3
30.Qg1 Qc7 31.Bxe4 dxe4 32.Qg2 Bc8 33.Rad1 e3 34.Kg1 Bb7 35.Qe2 Qc5 36.h3 Qd5
37.Nf3 Qe4 38.Rd4 Qxc2 39.Qxc2 Rxc2 40.Ne1 Rb2 41.Rxb4 Bd5 42.Rb6 Rxb3 43.Rxb3 Bxb3
44.Ng2 e2 45.Re1 Bd1 46.a5 Rd8 47.Kf2 Rd4 48.Kf3 Kf7 49.Ne3 g6 50.f5 exf5
51.gxf5 g5 52.Ng4 h5 53.Nf2 Kf6 54.Ke3 Rd5 55.Ne4+ Kxf5 56.Rg1 Kg6 57.Nc3 Re5+
58.Kd2 Rxa5 59.Nxe2 Bxe2 60.Kxe2 h4  0-1

[Event "XIX ch-Panam U18"]
[Site "Villa Carlos Paz ARG"]
[Date "2008.07.03"]
[Round "6"]
[White "Morales Garcia,S"]
[Black "Flores Rios,M"]
[Result "0-1"]
[WhiteElo "2265"]
[BlackElo "2391"]

1.e4 c5 2.Nf3 e6 3.d4 cxd4 4.Nxd4 Nc6 5.Nc3 Qc7 6.Be3 a6 7.Qd2 Nf6 8.O-O-O Bb4
9.f3 Ne5 10.Nb3 b5 11.Qe1 Be7 12.f4 Ng6 13.e5 Ng4 14.Bd2 Bb7 15.Ne4 Rc8 16.Bd3 O-O
17.g3 N4xe5 18.fxe5 Nxe5 19.Kb1 f5 20.Nf2 Bxh1 21.Qxh1 Bf6 22.Ba5 Qa7 23.Qe1 Nc4
24.Bxc4 bxc4 25.Nc1 Rb8 26.b3 Rfd8 27.Nh3 Qc5 28.Qd2 Qe5  0-1

[Event "Sparkassen Open"]
[Site "Dortmund GER"]
[Date "2008.07.04"]
[Round "7"]
[White "Petrosian,S"]
[Black "Langers,A"]
[Result "1-0"]
[WhiteElo "2402"]
[BlackElo "2203"]

1.e4 c5 2.Nf3 e6 3.d4 cxd4 4.Nxd4 Nc6 5.Nc3 a6 6.Be3 Qc7 7.Qd2 Nf6 8.f3 Bb4
9.O-O-O b5 10.g4 Ne5 11.g5 Nh5 12.Kb1 O-O 13.Qe1 Bxc3 14.Qxc3 Qxc3 15.bxc3 Bb7
16.Nb3 f5 17.Na5 Bc6 18.Nxc6 dxc6 19.exf5 exf5 20.f4 Ng4 21.Bc5 Rfd8 22.Bg2 Nxf4
23.Bxc6 Rxd1+ 24.Rxd1 Rc8 25.Bd5+ Nxd5 26.Rxd5 Nxh2 27.Rxf5 Nf3 28.Rd5 Nd2+
29.Kb2 Rc7 30.Bd4 Kf7 31.Rd8 Ne4 32.Ra8 Nxg5 33.Rxa6 Rb7 34.c4 bxc4+ 35.Kc3 Ne6
36.Be5 g5 37.a4 h5 38.a5 h4 39.Rb6 Rxb6 40.axb6 Nd8 41.Kxc4 Ke6 42.Bc7 Kd7
43.Kb5 Ne6 44.Be5 Kc8 45.Ka6 Nc5+ 46.Ka7 h3 47.c4 Nb7 48.Bh2 Nc5 49.Bg1 Nb7
50.Ka6 g4 51.Bh2 Nc5+ 52.Kb5 Ne6 53.c5 Nd4+ 54.Ka6 Kd7 55.b7 Nc6 56.Kb6 g3
57.Bxg3  1-0

[Event "Atlantis Promotiegroep"]
[Site "Groningen NED"]
[Date "2008.07.04"]
[Round "9"]
[White "Houtman,J"]
[Black "Balje,J"]
[Result "1/2-1/2"]
[WhiteElo "2233"]
[BlackElo "2197"]

1.e4 c5 2.Nf3 Nc6 3.d4 cxd4 4.Nxd4 e6 5.Nc3 Qc7 6.g3 a6 7.Bg2 Nf6 8.O-O Nxd4
9.Qxd4 Bc5 10.Bf4 d6 11.Qd2 h6 12.Rad1 e5 13.Be3 Be6 14.Bxc5 dxc5 15.Nd5 Bxd5
16.exd5 Qd6 17.f4 O-O 18.fxe5 Qxe5 19.c4 Qd6 20.Qf4  1/2-1/2

[Event "Greek Cup Final"]
[Site "Kallithea GRE"]
[Date "2008.07.04"]
[Round "2"]
[White "Souleidis,G"]
[Black "Mastrovasilis,D"]
[Result "0-1"]
[WhiteElo "2431"]
[BlackElo "2563"]

1.e4 c5 2.Nf3 e6 3.d4 cxd4 4.Nxd4 Nc6 5.Nc3 Qc7 6.Be3 a6 7.Qd2 Nf6 8.O-O-O Be7
9.f3 O-O 10.g4 d6 11.g5 Nd7 12.Kb1 Nxd4 13.Bxd4 b5 14.Rg1 b4 15.Na4 Bb7 16.b3 Bc6
17.Nb2 a5 18.h4 a4 19.h5 Ne5 20.Qf2 axb3 21.axb3 Qa5 22.Nc4 Qa2+ 23.Kc1 Bb5
24.Nxe5 dxe5 25.Bxe5 Bxf1 26.Bb2 Rfc8 27.Rgxf1 Qxb3 28.f4 Ra2  0-1

[Event "XVII Burgas Open"]
[Site "Ourense ESP"]
[Date "2008.07.04"]
[Round "2"]
[White "De Nacimiento Montano,Ang"]
[Black "Dimitrov,Vl"]
[Result "0-1"]
[WhiteElo "2099"]
[BlackElo "2450"]

1.e4 c5 2.Nf3 e6 3.d4 cxd4 4.Nxd4 Nc6 5.Nc3 Qc7 6.Be2 a6 7.O-O Nf6 8.Be3 Be7
9.a4 d6 10.f4 O-O 11.Kh1 Re8 12.Qe1 Nxd4 13.Bxd4 e5 14.fxe5 dxe5 15.Qg3 Bd8
16.Be3 Kh8 17.Bg5 Be6 18.Qh4 Ng8 19.Bg4 Bxg5 20.Qxg5 f6 21.Qh4 Bf7 22.Bh5 g6
23.Be2 Rad8 24.Bd3 Rd6 25.Rf3 Kg7 26.Raf1 Qd8 27.Nd1 f5 28.Qe1 f4 29.g3 g5
30.Ne3 Bg6 31.Nc4 Rd4 32.b3 Nf6 33.Nd2 Qd7 34.R3f2 Qh3 35.Re2 Nh5 36.Kg1 fxg3
37.Nf3 Nf4 38.Rd2 g2 39.Rff2 Qg4 40.h3 Qg3 41.Rxg2 Nxh3+ 42.Kh1 Qxf3  0-1